Los orígenes del Consejo de Ministros en España : (Record no. 60434)
[ view plain ]
| 000 -LEADER | |
|---|---|
| campo de control de longitud fija | 02098nam a2200385 i 4500 |
| 001 - NÚMERO DE CONTROL | |
| campo de control | 60434 |
| 003 - IDENTIFICADOR DE NÚMERO DE CONTROL | |
| campo de control | ES-MaACL |
| 005 - FECHA Y HORA DE LA ÚLTIMA TRANSACCIÓN | |
| campo de control | 20250901063118.0 |
| 007 - CAMPO FIJO DE DESCRIPCIÓN FÍSICA--INFORMACIÓN GENERAL | |
| campo de control de longitud fija | t| |
| 008 - DATOS DE LONGITUD FIJA--INFORMACIÓN GENERAL | |
| campo de control de longitud fija | 031104e1979 sp |r 00110dspa |
| 017 ## - NÚMERO DE COPYRIGHT O DE DEPÓSITO LEGAL | |
| Número de copyright o de depósito legal | M 122-1979 |
| Agencia que asigna | Oficina Depósito Legal Madrid |
| 020 ## - NÚMERO INTERNACIONAL ESTÁNDAR DEL LIBRO | |
| Número Internacional Estándar del Libro | 84-276-0466-1 |
| 040 ## - FUENTE DE CATALOGACIÓN | |
| Centro/agencia transcriptor | ES-MaACL |
| 080 ## - NÚMERO DE LA CLASIFICACIÓN DECIMAL UNIVERSAL | |
| Número de la Clasificación Decimal Universal | 342.518(460)"1823"(093) |
| 080 ## - NÚMERO DE LA CLASIFICACIÓN DECIMAL UNIVERSAL | |
| Número de la Clasificación Decimal Universal | 342.518(460)"17" |
| 080 ## - NÚMERO DE LA CLASIFICACIÓN DECIMAL UNIVERSAL | |
| Número de la Clasificación Decimal Universal | 35(460)"17" |
| 080 ## - NÚMERO DE LA CLASIFICACIÓN DECIMAL UNIVERSAL | |
| Número de la Clasificación Decimal Universal | 32(460)"17"(093.2) |
| 100 1# - ENTRADA PRINCIPAL--NOMBRE DE PERSONA | |
| Nombre de persona | Escudero, José Antonio, |
| Fechas asociadas al nombre | 1936- |
| Término indicativo de función/relación | Autor |
| 9 (RLIN) | 239313 |
| 245 14 - MENCIÓN DEL TÍTULO | |
| Título | Los orígenes del Consejo de Ministros en España : |
| Resto del título | la Junta Suprema de Estado / |
| Mención de responsabilidad, etc. | José Antonio Escudero |
| 260 ## - PUBLICACIÓN, DISTRIBUCIÓN, ETC. | |
| Lugar de publicación, distribución, etc. | Madrid : |
| Nombre del editor, distribuidor, etc. | Editora Nacional, |
| Fecha de publicación, distribución, etc. | [1979] |
| 300 ## - DESCRIPCIÓN FÍSICA | |
| Extensión | 2 volúmenes ; |
| Dimensiones | 24 cm |
| 500 ## - NOTA GENERAL | |
| Nota general | Apéndice documental (v. II) |
| 500 ## - NOTA GENERAL | |
| Nota general | Índice |
| 504 ## - NOTA DE BIBLIOGRAFÍA, ETC. | |
| Nota de bibliografía, etc. | Bibliografía (v. I) |
| 520 ## - RESUMEN, ETC. | |
| Sumario, etc. | José Antonio Escudero reconstruye la aparición y evolución del régimen ministerial a lo largo del siglo XVIII, por lo que es una obra de consulta obligada para conocer las reformas borbónicas y la sucesión de los ministros y ministerios en esa centuria; un clásico de la historia de la Administración. Este libro estudia los orígenes del régimen ministerial en España y examina cómo fue el despacho del rey con los ministros en las distintas épocas, desde el despacho individual e informal al principio, hasta el colectivo y sistematizado después con todos los miembros del Gabinete. Orígenes del régimen ministerial español, pues, y orígenes del despacho reglado y colectivo, que se llamó Junta Suprema de Estado en 1787 y Consejo de Ministros en 1823 |
| 610 14 - PUNTO DE ACCESO ADICIONAL DE MATERIA--NOMBRE DE ENTIDAD CORPORATIVA | |
| Nombre de entidad corporativa o nombre de jurisdicción como elemento de entrada | España. |
| Unidad subordinada | Consejo de Ministros- |
| Subdivisión de forma | Historia |
| 9 (RLIN) | 152928 |
| 650 #4 - PUNTO DE ACCESO ADICIONAL DE MATERIA--TÉRMINO DE MATERIA | |
| Término de materia o nombre geográfico como elemento de entrada | Secretarios de Estado- |
| Subdivisión geográfica | España- |
| Subdivisión de forma | Historia |
| 9 (RLIN) | 152929 |
| 651 #4 - PUNTO DE ACCESO ADICIONAL DE MATERIA--NOMBRE GEOGRÁFICO | |
| Nombre geográfico | España- |
| Subdivisión general | Administración- |
| Subdivisión cronológica | S.XVIII |
| 9 (RLIN) | 144197 |
| 651 #4 - PUNTO DE ACCESO ADICIONAL DE MATERIA--NOMBRE GEOGRÁFICO | |
| Nombre geográfico | España- |
| Subdivisión general | Historia- |
| Subdivisión cronológica | S.XVIII- |
| Subdivisión de forma | Fuentes |
| 9 (RLIN) | 157994 |
| 710 2# - ENTRADA AGREGADA--NOMBRE DE ENTIDAD CORPORATIVA | |
| Nombre de entidad corporativa o nombre de jurisdicción como elemento de entrada | Editora Nacional (España) |
| Término indicativo de función/relación | Editor |
| 9 (RLIN) | 3433 |
| 852 4# - LOCALIZACIÓN | |
| Ubicación | ES-MaACL |
| Sublocalización o colección | R.99093 |
| Ubicación en estantería | Depósito 1 |
| Número de control de estantería | A-9942-43 |
| 942 ## - ELEMENTOS DE ENTRADA SECUNDARIOS (KOHA) | |
| Tipo de ítem Koha | Libro impreso |
| Suprimir en OPAC | No |
| Estatus retirado | Estado de pérdida | Estado de daño | No para préstamo | Biblioteca de origen | Biblioteca actual | Ubicación en estantería | Fecha de adquisición | Fuente de adquisición | Total de préstamos | Signatura topográfica completa | Código de barras | Visto por última vez | Precio de reemplazo | Tipo de ítem Koha |
|---|---|---|---|---|---|---|---|---|---|---|---|---|---|---|
| Biblioteca del Ateneo de Madrid | Biblioteca del Ateneo de Madrid | Depósito 1 | 17/01/2008 | A-9942-43 | 1063385 | 23/02/2023 | 23/02/2023 | Libro impreso |
